| 000 | 00583nam 22001933 4500 | ||
|---|---|---|---|
| 001 | 193313 | ||
| 010 | _a972-33-0796-0 | ||
| 021 | _b24135/89 | ||
| 090 | _a193313 | ||
| 100 | _a20241211d u||y0pory50 ba | ||
| 200 |
_aA década perdida _fF. Scott Fitzgerald _gtradução M. F. Gonçalves de Azevedo |
||
| 210 |
_aLisboa _cEditorial Estampa _d[19--?] |
||
| 215 |
_a251 p. _cbrochado _d23 cm |
||
| 606 |
_916 _aLiteratura Americana |
||
| 675 |
_a821.111(73)-3 _vPT _zpor |
||
| 700 |
_9505 _aFitzgerald _bF. Scott _f1896-1940 |
||
| 801 |
_aPT _bBMMN _gRPC |
||
| 830 |
_cFernando _fFernando |
||
| 990 | _cLIVROS | ||